|
|
|
|
| LEADER |
00614nam a22001697a 4500 |
| 020 |
|
|
|a 9789386429179
|
| 082 |
|
|
|a M 509.2
|b NAM/O
|
| 100 |
|
|
|a Nambi Narayanan S.
|9 152109
|
| 245 |
|
|
|a Ormakalude Bhramanapadham/
|c by Nambi Narayanan S.
|
| 260 |
|
|
|a Thrissur:
|b Current Books,
|c 2018.
|
| 300 |
|
|
|a 336p.
|
| 650 |
|
|
|a Biography Of S. Nambi Narayan
|9 152110
|
| 650 |
|
|
|a Biografy
|9 152111
|
| 700 |
|
|
|a G . Prijeshson
|9 152112
|
| 942 |
|
|
|c BK
|
| 999 |
|
|
|c 141447
|d 141447
|
| 952 |
|
|
|0 0
|1 0
|4 0
|6 M_509_200000000000000_NAM_O
|7 0
|9 97689
|a SSUS
|b SSUS
|c STACKS
|d 2019-04-17
|g 350.00
|l 1
|o M 509.2 NAM/O
|p 094561
|r 2019-06-14
|s 2019-06-13
|w 2019-04-17
|y BK
|